[Event "EACU FIDE Open 2018"]
[Site "?"]
[Date "2018.06.03"]
[Round "4.3"]
[White "Makkar, Rajat"]
[Black "Anderson, John"]
[Result "0-1"]
[WhiteElo "1835"]
[BlackElo "2156"]
[PlyCount "88"]

1. d4 d5 2. c4 c6 3. cxd5 cxd5 4. Bf4 Nf6 5. e3 Nc6 6. Nc3 Bg4 7. Qb3 Na5 8.
Qa4+ Bd7 9. Qd1 e6 10. Bd3 a6 11. Nf3 Be7 12. O-O O-O 13. Ne5 Be8 14. a3 Rc8
15. Qc2 h6 16. b4 Nc4 17. Bxc4 dxc4 18. Rfb1 b5 19. a4 Nd5 20. Nxd5 exd5 21.
axb5 Bxb5 22. Qc3 Bd6 23. f3 Re8 24. Ng4 Bxf4 25. exf4 Qd6 26. g3 Rc7 27. Ne3
Rb7 28. Ra5 Qc6 29. Rc1 Rbe7 30. Re1 Qd7 31. Kg2 Rb8 32. Rea1 Rb6 33. R1a2 Rbe6
34. Re2 f5 35. h4 Qe8 36. Kf2 g5 37. fxg5 hxg5 38. hxg5 Qh5 39. Ra1 Qh2+ 40.
Ke1 Qxg3+ 41. Kd1 Qxf3 42. Ra3 f4 43. Qc2 c3 44. Rxc3 Qxe2+ 0-1

[Event "EACU FIDE Open 2018"]
[Site "?"]
[Date "2018.06.03"]
[Round "4.4"]
[White "Myall, Ivan J"]
[Black "Modi, Shyam Jagdish"]
[Result "1-0"]
[WhiteElo "1991"]
[BlackElo "1955"]
[PlyCount "127"]

1. e4 c5 2. Nf3 Nc6 3. c3 Nf6 4. e5 Nd5 5. d4 cxd4 6. cxd4 d6 7. Bc4 e6 8. O-O
Be7 9. Re1 O-O 10. a3 Qc7 11. Bd3 Bd7 12. Bd2 Rfd8 13. Nc3 Nxc3 14. Bxc3 dxe5
15. dxe5 Be8 16. Qe2 Rac8 17. Qe4 g6 18. h4 Na5 19. h5 Nb3 20. hxg6 hxg6 21.
Rad1 Nc5 22. Qe3 Nxd3 23. Rxd3 Rxd3 24. Qxd3 Bxa3 25. Ng5 Be7 26. Ne4 Bc6 27.
Nf6+ Kg7 28. Qe3 a6 29. Qf4 Rh8 30. Bb4 Bxb4 31. Qxb4 Qd8 32. Qf4 Rh6 33. Ng4
Rh5 34. b4 Qh4 35. Qf6+ Qxf6 36. exf6+ Kf8 37. f3 Rb5 38. Kf2 Rxb4 39. Rh1 Ke8
40. Ne5 Kd8 41. Nxf7+ Kc7 42. Ng5 Bd5 43. f7 Rf4 44. Rh8 b5 45. f8=Q Rxf8 46.
Rxf8 b4 47. Ke3 b3 48. Kd2 a5 49. Kc3 a4 50. Kb2 Kd6 51. Ne4+ Bxe4 52. fxe4 Ke5
53. Ra8 Kxe4 54. Rxa4+ Kf5 55. Kxb3 e5 56. Kc2 e4 57. Kd2 Kf4 58. Ke2 g5 59.
Kf2 g4 60. g3+ Kf5 61. Ke3 Kg5 62. Ra5+ Kg6 63. Kxe4 Kf6 64. Kf4 1-0

[Event "EACU FIDE Open 2018"]
[Site "?"]
[Date "2018.06.03"]
[Round "4.5"]
[White "Modi, Kishan J"]
[Black "Moore, Gerald"]
[Result "1/2-1/2"]
[WhiteElo "1934"]
[BlackElo "2073"]
[PlyCount "69"]

1. e4 c5 2. Nf3 e6 3. d4 cxd4 4. Nxd4 Nc6 5. Nc3 d6 6. Be3 Nf6 7. f4 Be7 8. Qf3
O-O 9. O-O-O Qc7 10. g4 Nxd4 11. Bxd4 e5 12. fxe5 dxe5 13. Qg3 Bd6 14. Nb5 exd4
15. Nxc7 Bxg3 16. hxg3 Bxg4 17. Rxd4 Rad8 18. Rxd8 Rxd8 19. Bd3 h5 20. e5 Nd5
21. Nxd5 Rxd5 22. Be4 Rxe5 23. Bxb7 g5 24. c4 f5 25. Kd2 Re2+ 26. Kc3 Re3+ 27.
Kd4 Rxg3 28. c5 f4 29. c6 Rg2 30. c7 Rc2 31. c8=Q+ Bxc8 32. Bxc8 Rxc8 33. Rxh5
Rc2 34. Rxg5+ Kh7 35. Rf5 1/2-1/2

[Event "EACU FIDE Open 2018"]
[Site "?"]
[Date "2018.06.03"]
[Round "4.6"]
[White "Davison, Chris"]
[Black "Moore, Steve N"]
[Result "1-0"]
[WhiteElo "2053"]
[BlackElo "1960"]
[PlyCount "97"]

1. e4 e5 2. Nf3 Nc6 3. Bb5 Nf6 4. d3 d6 5. O-O Be7 6. c3 O-O 7. Re1 Bd7 8. Nbd2
a6 9. Ba4 Re8 10. Nf1 Na5 11. Bc2 c5 12. Ne3 h6 13. h3 Be6 14. d4 exd4 15. cxd4
d5 16. exd5 Bxd5 17. Nxd5 Qxd5 18. Re5 Qc6 19. Qe1 Qc7 20. Re2 cxd4 21. Nxd4
Bd6 22. Be3 Nc4 23. Rc1 Qa5 24. Qxa5 Nxa5 25. Bd3 Nd5 26. Bd2 Bb4 27. Bxb4 Nxb4
28. Rxe8+ Rxe8 29. Bf1 Rd8 30. Nf3 Nac6 31. a3 Nd3 32. Rc3 Nce5 33. Bxd3 Nxd3
34. b4 Rd6 35. Rc8+ Kh7 36. Rc7 b5 37. Rxf7 Nb2 38. Ne5 Rd1+ 39. Kh2 Re1 40.
Nf3 Ra1 41. Ra7 Rxa3 42. Nd4 Ra4 43. f4 Nd3 44. f5 Rxb4 45. Ne6 Kh8 46. Ra8+
Kh7 47. Nf8+ Kg8 48. Ng6+ Kh7 49. Rh8# 1-0

[Event "EACU FIDE Open 2018"]
[Site "?"]
[Date "2018.06.03"]
[Round "4.7"]
[White "Kemp, Paul R"]
[Black "Dempster, Dave"]
[Result "1/2-1/2"]
[WhiteElo "2037"]
[BlackElo "1975"]
[PlyCount "36"]

1. e4 c5 2. c3 Nf6 3. e5 Nd5 4. d4 cxd4 5. Nf3 e6 6. cxd4 d6 7. Bc4 Nc6 8. O-O
Be7 9. Qe2 O-O 10. Bd2 Qb6 11. exd6 Bxd6 12. Be3 Na5 13. Bd3 f5 14. Nc3 Bd7 15.
Nxd5 exd5 16. Ne5 Be6 17. f4 Nc6 18. Qf2 Rae8 1/2-1/2

[Event "EACU FIDE Open 2018"]
[Site "?"]
[Date "2018.06.03"]
[Round "4.8"]
[White "Tozer, Philip AA"]
[Black "Sahinoz, Giulio O"]
[Result "1-0"]
[WhiteElo "2156"]
[BlackElo "1781"]
[PlyCount "77"]

1. c4 Nf6 2. g3 e6 3. Bg2 d5 4. Nf3 c5 5. O-O Be7 6. b3 O-O 7. Bb2 b6 8. e3 Bb7
9. Nc3 Na6 10. cxd5 Nxd5 11. Nxd5 Bxd5 12. Qe2 Nb4 13. d4 cxd4 14. Bxd4 Bf6 15.
Rfd1 Bxd4 16. Rxd4 Qe7 17. e4 Bb7 18. Qd2 Nc6 19. Rd7 Qf6 20. Rd1 Rad8 21. e5
Rxd7 22. Qxd7 Qd8 23. Rd6 Ba8 24. Nd2 Qxd7 25. Rxd7 Nxe5 26. Rxa7 Bxg2 27. Kxg2
Rb8 28. f4 Nc6 29. Rc7 Nb4 30. a4 Nd5 31. Ra7 Kf8 32. Nc4 b5 33. Ne5 Ke8 34.
Nxf7 bxa4 35. bxa4 Rb2+ 36. Kh3 Rb3 37. Kh4 h6 38. Ne5 Ne7 39. Ra8+ 1-0

[Event "EACU FIDE Open 2018"]
[Site "?"]
[Date "2018.06.03"]
[Round "4.9"]
[White "Bowers, Francis J"]
[Black "Wells, Jonathan C"]
[Result "0-1"]
[WhiteElo "1938"]
[BlackElo "1965"]
[PlyCount "122"]

1. e4 c5 2. Nf3 e6 3. d4 cxd4 4. Nxd4 Nf6 5. Nc3 d6 6. Be3 Nc6 7. Be2 Be7 8.
Qd2 O-O 9. O-O-O d5 10. Bf3 dxe4 11. Nxe4 Ne5 12. Rhe1 Nc4 13. Qc3 Nxe3 14.
Qxe3 Nd5 15. Qb3 Qc7 16. Ng3 Nf6 17. Kb1 a6 18. Rd3 Rb8 19. Rc3 Qf4 20. Rc4 b5
21. Nxb5 Qg5 22. Qc3 Qxb5 23. Re5 Qb6 24. Ne4 Nd5 25. Qb3 Qxb3 26. axb3 Bb7 27.
Nc5 Bxc5 28. Rxc5 Rfd8 29. Bxd5 Rxd5 30. Rexd5 Bxd5 31. f3 g6 32. c4 Bb7 33.
Kc2 Rc8 34. Ra5 Kf8 35. Kc3 Ke7 36. b4 Kd6 37. b3 e5 38. b5 axb5 39. Rxb5 Rc7
40. b4 Rxc4+ 41. Kd2 Bc6 42. Rb6 Kc7 43. Ra6 Rxb4 44. Kc3 Ra4 45. Rxa4 Bxa4 46.
Kd3 Kd6 47. Ke3 Kd5 48. h4 f5 49. g3 Bd1 50. h5 gxh5 51. f4 e4 52. Kd2 Bg4 53.
Ke3 Kc4 54. Kd2 Kd4 55. Ke1 Kd3 56. Kf2 Kd2 57. Kg2 e3 58. Kh2 e2 59. Kg1 e1=Q+
60. Kh2 Qf2+ 61. Kh1 Bf3# 0-1

[Event "EACU FIDE Open 2018"]
[Site "?"]
[Date "2018.06.03"]
[Round "4.10"]
[White "Lim, Mark"]
[Black "Ilett, Raymond J"]
[Result "0-1"]
[WhiteElo "1819"]
[BlackElo "1859"]
[PlyCount "65"]

1. d4 Nf6 2. Nf3 e6 3. e3 b6 4. Bd3 Bb7 5. Nbd2 c5 6. O-O Nc6 7. c3 Be7 8. e4
cxd4 9. cxd4 Nb4 10. Bb1 Ba6 11. Re1 Qc7 12. Nf1 Rc8 13. Ne3 O-O 14. e5 Nfd5
15. Nxd5 Nxd5 16. Bg5 Bxg5 17. Nxg5 f6 18. exf6 Nxf6 19. Ne4 Bb7 20. f3 Nxe4
21. fxe4 Qf4 22. Qe2 Ba6 23. Bd3 Bxd3 24. Qxd3 Qf2+ 25. Kh1 Rc2 26. Rg1 Rd2 27.
Qa6 Qxd4 28. Qxa7 h6 29. b3 Rff2 30. Qb8+ Kh7 31. Rac1 Rde2 32. h3 Qd2 33. Rc8
0-1

[Event "EACU FIDE Open 2018"]
[Site "?"]
[Date "2018.06.03"]
[Round "5.1"]
[White "Tan, Justin"]
[Black "Davison, Chris"]
[Result "1-0"]
[WhiteElo "2484"]
[BlackElo "2053"]
[PlyCount "113"]

1. e4 e5 2. Nf3 Nc6 3. Bb5 a6 4. Ba4 Nf6 5. O-O Be7 6. d3 b5 7. Bb3 d6 8. a4 b4
9. a5 O-O 10. Nbd2 d5 11. exd5 Nxd5 12. Ba4 Nxa5 13. Nxe5 Bb7 14. Re1 Nb6 15.
Qg4 Nxa4 16. Rxa4 Nc6 17. Nef3 Bd6 18. Nc4 f5 19. Qh3 Qd7 20. Ra1 Bc5 21. Be3
Bxe3 22. Rxe3 Rae8 23. Rae1 Bc8 24. Qh4 Rxe3 25. Rxe3 b3 26. Nce5 Nxe5 27. Nxe5
bxc2 28. Qc4+ Qe6 29. Qxc7 Qa2 30. Re1 Qb3 31. Rc1 Be6 32. Qxc2 Qd5 33. Qc5
Qxc5 34. Rxc5 Rc8 35. Rxc8+ Bxc8 36. f4 Kf8 37. Kf2 Ke7 38. Ke3 h6 39. h4 Ke6
40. Kd4 Bb7 41. g3 Bg2 42. Kc5 g5 43. hxg5 hxg5 44. d4 gxf4 45. gxf4 Be4 46.
Nc4 Bg2 47. Ne3 Be4 48. d5+ Kd7 49. b4 Kc7 50. Nc4 Kd7 51. Ne5+ Kd8 52. Kd6 Bd3
53. Nc6+ Kc8 54. Nd4 Be4 55. Kc6 Kb8 56. Ne6 Kc8 57. Nc5 1-0

[Event "EACU FIDE Open 2018"]
[Site "?"]
[Date "2018.06.03"]
[Round "5.2"]
[White "Anderson, John"]
[Black "Merry, Alan B"]
[Result "0-1"]
[WhiteElo "2156"]
[BlackElo "2460"]
[PlyCount "110"]

1. e4 e6 2. d4 d5 3. Nc3 Bb4 4. e5 c5 5. a3 Bxc3+ 6. bxc3 Qa5 7. Bd2 Qa4 8. Qg4
g6 9. Nf3 Nc6 10. Be2 c4 11. Ra2 Bd7 12. Qh4 h6 13. O-O Nce7 14. Bg5 Qa5 15.
Rb1 Bc6 16. a4 Qc7 17. a5 O-O-O 18. g4 Rf8 19. Nd2 Kb8 20. f4
Rh7 21. Nf3 Ka8 22. Bf6 Nxf6 23. exf6 Nc8 24. Ne5 Nd6 25. Bf3 Rg8 26. a6 b6 27.
Qe1 g5 28. Nxc6 Qxc6 29. h4 gxf4 30. Qe5 Rg6 31. Re1 Rh8 32. Kf2 Ne8 33. g5
hxg5 34. hxg5 Rhg8 35. Rg1 Nxf6 36. Raa1 Ne8 37. Rg4 Qd6 38. Rh1 Qxe5 39. dxe5
Nc7 40. Rxf4 Nxa6 41. Rxf7 Nc5 42. Rhh7 a5 43. Rc7 Rxg5 44. Rc6 R5g7 45. Rxg7
Rxg7 46. Rxb6 a4 47. Rb5 a3 48. Rxc5 a2 49. Ra5+ Ra7 50. Rxa2 Rxa2 51. Ke3 Rxc2
52. Bg4 Rxc3+ 53. Ke2 Kb7 54. Bxe6 Kc6 55. Bf5 d4 0-1

[Event "EACU FIDE Open 2018"]
[Site "?"]
[Date "2018.06.03"]
[Round "5.3"]
[White "Myall, Ivan J"]
[Black "Bradbury, Neil H"]
[Result "0-1"]
[WhiteElo "1991"]
[BlackElo "2350"]
[PlyCount "64"]

1. e4 c5 2. c3 d5 3. exd5 Qxd5 4. d4 Nc6 5. dxc5 Qxc5 6. Na3 Nf6 7. Be3 Qa5 8.
Nc4 Qc7 9. h3 e5 10. Nf3 Be7 11. Be2 O-O 12. O-O Bf5 13. a4 Rad8 14. Qc1 Nd5
15. Bd2 Bg6 16. Re1 e4 17. Nh2 a5 18. Bg5 Bxg5 19. Qxg5 Nf4 20. Qb5 Rd5 21. Qb3
Rg5 22. Bg4 h5 23. h4 Rxg4 24. Nxg4 hxg4 25. Ne3 Ne5 26. Rad1 Nf3+ 27. gxf3
gxf3 28. Kh2 Nd3+ 29. Kg1 Nxf2 30. Kxf2 Qh2+ 31. Kf1 Bf5 32. Qc2 Bh3+ 0-1

[Event "EACU FIDE Open 2018"]
[Site "?"]
[Date "2018.06.03"]
[Round "5.4"]
[White "Salmons, Calum"]
[Black "Tozer, Philip AA"]
[Result "0-1"]
[WhiteElo "1981"]
[BlackElo "2156"]
[PlyCount "54"]

1. e4 e6 2. Nf3 d5 3. e5 c5 4. b4 c4 5. c3 a5 6. b5 Nd7 7. d4 cxd3 8. Bxd3 Ne7
9. O-O Ng6 10. Re1 b6 11. h4 Nxh4 12. Ng5 Ng6 13. f4 Be7 14. Nf3 Nc5 15. Bc2
Bb7 16. Nd4 Qc7 17. Be3 Qd7 18. Nd2 Nh4 19. a4 g6 20. N2b3 Rc8 21. Nxc5 bxc5
22. Nb3 d4 23. cxd4 Qd5 24. Qd2 Nxg2 25. Bf2 Nxe1 26. Kf1 Nxc2 27. Qxc2 cxd4
0-1

[Event "EACU FIDE Open 2018"]
[Site "?"]
[Date "2018.06.03"]
[Round "5.5"]
[White "Moore, Gerald"]
[Black "Kemp, Paul R"]
[Result "1/2-1/2"]
[WhiteElo "2073"]
[BlackElo "2037"]
[PlyCount "34"]

1. c4 e5 2. Nc3 Nf6 3. Nf3 Nc6 4. e3 Bb4 5. Qc2 O-O 6. Nd5 Bc5 7. a3 a5 8. Ng5
g6 9. Nxf6+ Qxf6 10. Ne4 Qe7 11. Nxc5 Qxc5 12. b3 d5 13. d3 f5 14. Be2 Be6 15.
O-O b5 16. Bd2 b4 17. a4 Rad8 1/2-1/2

[Event "EACU FIDE Open 2018"]
[Site "?"]
[Date "2018.06.03"]
[Round "5.6"]
[White "Dempster, Dave"]
[Black "Makkar, Rajat"]
[Result "1/2-1/2"]
[WhiteElo "1975"]
[BlackElo "1835"]
[PlyCount "77"]

1. e4 c6 2. d4 d5 3. e5 Bf5 4. Nf3 e6 5. Be2 Ne7 6. O-O Ng6 7. Ne1 h5 8. Bd3
Bxd3 9. Nxd3 Nd7 10. c3 f6 11. f4 f5 12. b3 Be7 13. a4 b6 14. Ba3 c5 15. Qe2
Rc8 16. Nd2 Ngf8 17. Nf3 g6 18. Rfc1 Kf7 19. c4 Nb8 20. Qe3 Na6 21. Qf2 Kg7 22.
Rd1 Qd7 23. dxc5 Bxc5 24. Bxc5 bxc5 25. cxd5 exd5 26. Rac1 Ne6 27. Ng5 d4 28.
Rc4 Rc6 29. h4 Rb8 30. b4 Nxb4 31. Nxb4 Rxb4 32. Nxe6+ Qxe6 33. Rxb4 cxb4 34.
Qxd4 Qe7 35. e6+ Kh7 36. Re1 Rxe6 37. Rxe6 Qxe6 38. Qxa7+ Kh6 39. Qd4 1/2-1/2

[Event "EACU FIDE Open 2018"]
[Site "?"]
[Date "2018.06.03"]
[Round "5.7"]
[White "Wells, Jonathan C"]
[Black "Modi, Kishan J"]
[Result "1/2-1/2"]
[WhiteElo "1965"]
[BlackElo "1934"]
[PlyCount "40"]

1. d4 d5 2. c4 dxc4 3. e3 Nf6 4. Bxc4 e6 5. Nf3 c5 6. O-O a6 7. Bb3 Nbd7 8. Qe2
Be7 9. Rd1 O-O 10. a4 cxd4 11. Nxd4 Qa5 12. Nc3 Nc5 13. Bc2 e5 14. Nb3 Nxb3 15.
Bxb3 Qb6 16. Bc4 Be6 17. a5 Bxc4 18. Qxc4 Qc5 19. Qxc5 Bxc5 20. Bd2 Rfd8
1/2-1/2

[Event "EACU FIDE Open 2018"]
[Site "?"]
[Date "2018.06.03"]
[Round "5.8"]
[White "Moore, Steve N"]
[Black "Modi, Shyam Jagdish"]
[Result "0-1"]
[WhiteElo "1960"]
[BlackElo "1955"]
[PlyCount "80"]

1. e4 c5 2. Nf3 e6 3. d4 cxd4 4. Nxd4 Nc6 5. g3 Qc7 6. Nb5 Qb8 7. Bf4 e5 8. Be3
Nf6 9. Bg2 a6 10. N5c3 d6 11. O-O Be6 12. Nd5 Be7 13. c4 O-O 14. Nbc3 b5 15. b3
Nd7 16. Qe2 b4 17. Na4 Qd8 18. f4 Nc5 19. Nxc5 dxc5 20. fxe5 Nxe5 21. Rad1 Bg4
22. Qb2 Bxd1 23. Nxe7+ Qxe7 24. Rxd1 Rad8 25. Rd5 Rxd5 26. cxd5 c4 27. bxc4
Nxc4 28. Qd4 Nxe3 29. Qxe3 Rc8 30. e5 Qc5 31. Qxc5 Rxc5 32. Be4 Rc4 33. Bf5 g6
34. e6 fxe6 35. Bxe6+ Kf8 36. Kf2 Rc2+ 37. Ke3 Ke7 38. Kd4 Kd6 39. h4 Rxa2 40.
Bg8 h6 0-1

[Event "EACU FIDE Open 2018"]
[Site "?"]
[Date "2018.06.03"]
[Round "5.9"]
[White "Ilett, Raymond J"]
[Black "Bowers, Francis J"]
[Result "1/2-1/2"]
[WhiteElo "1859"]
[BlackElo "1938"]
[PlyCount "22"]

1. d4 Nf6 2. c4 g6 3. Nc3 Bg7 4. e4 d6 5. Nf3 O-O 6. Be2 Nc6 7. d5 Nb8 8. Be3
Ng4 9. Bd4 e5 10. dxe6 Bxe6 11. Bxg7 Kxg7 1/2-1/2

[Event "EACU FIDE Open 2018"]
[Site "?"]
[Date "2018.06.03"]
[Round "5.10"]
[White "Sahinoz, Giulio O"]
[Black "Lim, Mark"]
[Result "0-1"]
[WhiteElo "1781"]
[BlackElo "1819"]
[PlyCount "82"]

1. d4 Nf6 2. c4 e6 3. Nc3 d5 4. Bg5 Be7 5. Nf3 O-O 6. e3 Nbd7 7. Bd3 c6 8. O-O
Re8 9. Rc1 dxc4 10. Bxc4 Nd5 11. Bxe7 Qxe7 12. e4 N5b6 13. Bb3 h6 14. Re1 e5
15. d5 Nf6 16. dxc6 bxc6 17. Na4 Rd8 18. Qc2 Bg4 19. Nxb6 axb6 20. Qxc6 Bxf3
21. gxf3 Nh5 22. Kh1 Nf4 23. Rcd1 Qg5 24. Rg1 Qh5 25. Rg3 Ne2 26. Rg4 Qh3 27.
Rxd8+ Rxd8 28. Rg2 Rc8 29. Qd5 Qxf3 30. Qxf7+ Qxf7 31. Bxf7+ Kxf7 32. h4 Nf4
33. Rg1 Rc2 34. Rd1 Rxb2 35. Rd7+ Kf6 36. f3 b5 37. Rd6+ Ne6 38. Rb6 Rxa2 39.
Rxb5 Rf2 40. Rb3 Nd4 41. Rb6+ Kf7 0-1